Zrýchli slovenský bankový sektor transformačný krok?

Reštrukturalizácia slovenskej ekonomiky, transformačné procesy - vplyv na bankový sektor. Rizikové podnikanie bánk. Nevyhnutná reštrukturalizácia úverového portfólia. Doprivatizácia a kapitalizácia komerčných bánk.

Gespeichert in:
Bibliographische Detailangaben
1. Verfasser: Okruhlica, František
Format: Buchkapitel
Sprache:Slowakisch
Schlagworte:
Tags: Tag hinzufügen
Keine Tags, Fügen Sie das erste Tag hinzu!

MARC

LEADER 00000naa a2200000 4500
001 r026382
005 20230426110010.8
041 0 |a slo 
044 |a SK 
245 1 0 |a Zrýchli slovenský bankový sektor transformačný krok?  |c František Okruhlica 
520 |a Reštrukturalizácia slovenskej ekonomiky, transformačné procesy - vplyv na bankový sektor. Rizikové podnikanie bánk. Nevyhnutná reštrukturalizácia úverového portfólia. Doprivatizácia a kapitalizácia komerčných bánk. 
610 2 0 |a bankovníctvo 
610 2 0 |a Slovensko 
610 2 0 |a transformácia 
610 2 0 |a reštrukturalizácia 
610 2 0 |a úver bankový 
610 2 0 |a banky obchodné 
610 2 0 |a portfólio 
610 2 0 |a privatizácia 
610 2 0 |a kapitalizácia 
100 1 |a Okruhlica, František